Canadian/USA/Mexico: States by Highest Elevation - Statistics

General Stats
  • This quiz has been taken 15 times
  • The average score is 13 of 20
Answer Stats
Country Feet Meters State/Province/Territory % Correct
USA 20,310 6,190 Alaska
100%
Canada 15,299 4,663 British Columbia
90%
USA 14,505 4,421 California
90%
USA 12,633 3,851 Arizona
80%
USA 14,438 4,400 Colorado
80%
USA 12,799 3,901 Montana
80%
USA 14,410 4,392 Washington
80%
USA 13,810 4,210 Wyoming
80%
USA 12,662 3,859 Idaho
70%
USA 13,147 4,007 Nevada
70%
USA 13,161 4,011 New Mexico
70%
Canada 19,551 5,959 Yukon
70%
Mexico 17,159 5,230 México
60%
USA 13,528 4.123 Utah
60%
Mexico 13,320 4,060 Chiapas
40%
Mexico 18,491 5,636 Veracruz
40%
Mexico 14,012 4,271 Colima
30%
Mexico 18,491 5,636 Puebla
30%
Mexico 13,976 4,260 Jalisco
20%
Mexico 14,534 4,430 Tlaxcala
20%
No matching quizzes found
Score Distribution
Percent of People with Each Score
Percentile by Number Answered
Your Score History
You have not taken this quiz